LEADER 00721nam a2200205 i 4500 001 000000157645 003 CaOOAMICUS 005 20070115000000.0 008 070115n it u000 u ger u 013 $a135001 040 $aSeMil$bita 245 10$aDeutsche Bilder :$b1. Reihe. 260 $aMünchen :$bCarl Gerber,$c[1922?] 300 $a95 p. :$bill. (b/n) ;$c24 cm. 650 4$aGermania.$0(OLS)http://semarc/subject/4640 850 $aSeMil 852 $aSeMil$W1$xVenegono$y1$m4Y IV 109$j109323$B109323$CSeMilBibl$Z2$F118839 $81 961 $aRecupero: Altro 996 $6245$aDeutsche Bilder :$b1. Reihe$9(OLS)http://semarc/title/231211 996 $6260$aMünchen :$bCarl Gerber$9(OLS)http://semarc/publisher/48406 LEADER 01078nam a2200241 i 4500 001 000000173551 003 CaOOAMICUS 005 20081103000000.0 008 081103s1963 it u000 u ita u 013 $a151004 040 $aSeMil$bita 100 1 $aRomani, Mario,$d<1917-1975>.$0(OLS)http://semarc/name/1781 245 13$aUn secolo di vita agricola in Lombardia :$b1861-1961 /$cMario Romani ; pubblicato a cura della Cassa di Risparmio delle Province Lombarde. 260 $aMilano :$bGiuffrè,$c1963. 300 $aXIV, 296 p., ill. ;$c25 cm. 500 $aIn testa al front. : Società agraria di Lombardia. - Fondo Card. Giovanni Colombo. 650 4$aAgricoltura - Lombardia - 1861-1961.$0(OLS)http://semarc/subject/33033 850 $aSeMil 852 $aSeMil$W1$xVenegono$y1$m3N V 538$j124396$B124396$CSeMilBibl$Z2$F138514 $81 941 1 $a3 961 $aLascito: Colombo Card. Giovanni 996 $6245$aUn secolo di vita agricola in Lombardia :$b1861-1961$9(OLS)http://semarc/title/248641 996 $6260$aMilano :$bGiuffrè$9(OLS)http://semarc/publisher/29926